Les métros en France - Statistiques

Statistiques générales
  • Ce quiz a été pris 152 fois
  • Le résultat moyen est 6 sur 6
Statistiques - réponses
Indices Villes % Correct
TCL 69 Lyon
100%
RATP 75 Paris
100%
RTM 13 Marseille
99%
VAL 59 Lille
96%
TISSEO 31 Toulouse
96%
STAR 35 Rennes
93%
Aucun quiz correspondant
Distribution des résultats
% des personnes avec chaque résultat
Percentile par nombre de réponses
Votre historique - résultats
Vous n’avez pas pris ce quiz